000 01324cam a2200361 i 4500
999 _c535233
_d535233
001 18772222
003 NUST
005 20200901102001.0
008 150904s2017 maua b 001 0 eng
010 _a 2015033222
020 _a978-1-292-16063-4
038 _aMSOHAIL
040 _aDLC
_beng
_cDLC
_erda
_dDLC
042 _apcc
050 0 0 _aHF1008
_b.B685 2017
082 0 0 _a650
_223
100 1 _aBovée, Courtland L.
_97258
245 1 0 _aBusiness in action /
_cCourtland L. Bovée, Professor of Business C. Allen Paul Distinguished Chair Grossmont College, John V. Thill, Chairman and Chief Executive Officer Global Communication Strategies.
250 _aEighth edition. (Global edition)
264 1 _aBoston :
_bPearson,
_c[2017]
300 _axlvi, 606 pages :
_billustrations ;
_c28 cm
336 _atext
_2rdacontent
337 _aunmediated
_2rdamedia
338 _avolume
_2rdacarrier
504 _aIncludes bibliographical references and index.
650 0 _aBusiness.
_929682
650 0 _aCommerce.
_929683
650 0 _aIndustrial management.
_929684
700 1 _aThill, John V.
_921914
906 _a7
_bcbc
_corignew
_d1
_eecip
_f20
_gy-gencatlg
942 _2ddc
_cBK